[Event "RUS-ch Men Blitz 2019"]
[Site "Sochi"]
[Date "2019.10.17"]
[Round "5.22"]
[White "Papin, Vasily"]
[Black "Mikhailovsky, Vladimir"]
[Result "1-0"]
[WhiteElo "2481"]
[BlackElo "2209"]
[Annotator "ChessBase"]
[PlyCount "63"]
[EventDate "2019.10.17"]
[EventType "swiss"]
[EventCountry "RUS"]
[SourceTitle "playchess.com"]
[Source "ChessBase"]
[SourceQuality "1"]
[TimeControl "180+2"]

1. c4 {[%emt 0:00:00]} Nf6 {[%emt 0:00:00]} 2. Nc3 {[%emt 0:00:00]} e5 {[%emt 0:00:01]} 3. Nf3 {[%emt 0:00:02]} Nc6 {[%emt 0:00:01]} 4. g3 {[%emt 0:00:01]} Bc5 {[%emt 0:00:03]} 5. Bg2 {[%emt 0:00:07]} O-O {[%emt 0:00:02]} 6. O-O {[%emt 0:00:03]} d6 {[%emt 0:00:04]} 7. Na4 {[%emt 0:00:02]} Bg4 {[%emt 0:00:07]} 8. d3 {[%emt 0:00:06]} Qe7 {[%emt 0:00:03]} 9. a3 {[%emt 0:00:38]} a6 {[%emt 0:00:02]} 10. b4 {[%emt 0:00:15]} Ba7 {[%emt 0:00:02]} 11. Bb2 {[%emt 0:00:01]} Rad8 {[%emt 0:00:10]} 12. Re1 {[%emt 0:00:02]} e4 {[%emt 0:00:09]} 13. dxe4 {[%emt 0:00:06]} Nxe4 {[%emt 0:00:02]} 14. Rf1 {[%emt 0:00:24]} Rfe8 {[%emt 0:00:14]} 15. Nc3 {[%emt 0:00:01]} Nxc3 {[%emt 0:00:22]} 16. Bxc3 {[%emt 0:00:01]} Qxe2 {[%emt 0:00:01]} 17. b5 {[%emt 0:00:19]} axb5 {[%emt 0:00:05]} 18. Qxe2 {[%emt 0:00:06]} Rxe2 {[%emt 0:00:03]} 19. cxb5 {[%emt 0:00:00]} Ne7 {[%emt 0:00:17]} 20. Nd4 {[%emt 0:00:05]} Re5 {[%emt 0:00:14]} 21. a4 {[%emt 0:00:14]} Rc5 {[%emt 0:00:08]} 22. Bb2 {[%emt 0:00:03]} Rc4 {[%emt 0:00:12]} 23. Rfe1 {[%emt 0:00:27]} Kf8 {[%emt 0:00:14]} 24. Re4 {[%emt 0:00:06]} f5 {[%emt 0:00:15]} 25. Ne6+ {[%emt 0:00:01]} Kg8 {[%emt 0:00:28]} 26. Rxc4 {[%emt 0:00:02]} Re8 {[%emt 0:00:02]} 27. Rxc7 {[%emt 0:00:05]} f4 {[%emt 0:00:16]} 28. Rxb7 {[%emt 0:00:05]} fxg3 {[%emt 0:00:10]} 29. Rxa7 {[%emt 0:00:04]} gxf2+ {[%emt 0:00:01]} 30. Kxf2 {[%emt 0:00:02]} Bxe6 {[%emt 0:00:01]} 31. Re1 {[%emt 0:00:04]} Nf5 {[%emt 0:00:07]} 32. Rxe6 {[%emt 0:00:05]} 1-0

[Event "RUS-ch Men Blitz 2019"]
[Site "Sochi"]
[Date "2019.10.17"]
[Round "5.23"]
[White "Oganian, Miran"]
[Black "Goltsev, Dmitry"]
[Result "1/2-1/2"]
[WhiteElo "2436"]
[BlackElo "2309"]
[Annotator "TA"]
[PlyCount "138"]
[EventDate "2019.10.17"]
[EventType "swiss"]
[EventCountry "RUS"]
[SourceTitle "playchess.com"]
[Source "ChessBase"]
[SourceQuality "1"]

{[%evp 24,138,43,49,61,61,64,60,68,68,65,56,100,36,98,39,32,35,42,35,59,56,75,81,69,51,62,0,0,0,0,0,7,0,9,13,10,8,8,8,7,0,0,0,0,0,0,-26,-20,-40,-8,-30,0,0,0,0,20,0,0,0,0,0,0,0,8,0,0,0,9,0,8,0,0,0,0,0,0,0,0,0,8,0,0,0,0,0,0,0,8,8,8,8,8,8,8,0,0,0,0,0,8,0,0,0,8,8,8,0,0,-8,0,-8,8,8,8,8,8]} 1. d4 Nf6 2. c4 e6 3. g3 Bb4+ 4. Bd2 Qe7 5. Nf3 b6 6. Bg2 Bb7 7. O-O Bxd2 8. Qxd2 O-O 9. Nc3 d6 10. Qc2 Nbd7 11. e4 e5 12. d5 a5 13. a3 g6 {E16: Queen's Indian: 4 g3 Bb7 5 Bg2 Bb4+} 14. b4 Rfb8 $146 ({Predecessor:} 14... Rfc8 15. Bh3 c6 16. dxc6 Bxc6 17. Qd3 Ne8 18. Nd2 Qd8 19. Qe3 Ra7 20. Rfd1 Nef6 21. Nb3 axb4 22. axb4 Rxa1 23. Nxa1 {½-½ (32) Barkhagen,J (2464)-Lyrberg,P (2432) Sweden 2001}) 15. Rfb1 axb4 {White is slightly better.} 16. axb4 Qd8 17. Nb5 Ne8 18. Bh3 (18. Na7 $16) 18... Ndf6 (18... c5 $14) 19. Nd2 (19. Na7 $16) 19... Rxa1 $14 20. Rxa1 Ra8 21. Ra4 Rxa4 22. Qxa4 Qa8 23. Qxa8 Bxa8 24. Bc8 Kf8 25. f4 (25. Na7 $14) 25... exf4 $11 26. gxf4 Nh5 $1 27. Bd7 {[#] Bxe8 is the strong threat.} Bb7 28. f5 Nf4 29. Bxe8 Kxe8 30. Nxc7+ {[%mdl 4096] Endgame KBN-KNN} Kd7 $1 {[%cal Rd7c7]} 31. Nb5 Nd3 32. f6 Nxb4 33. Kf2 Nd3+ 34. Ke3 Ne5 35. h3 Ba6 36. Na3 Kc7 37. Kd4 Nd7 38. Nf3 {The position is equal.} Nxf6 39. Ng5 $1 Nh5 40. Nxh7 Nf4 41. h4 Ng2 42. Ng5 Nxh4 43. Nxf7 Kd7 44. Ke3 Ke7 45. Ng5 Kf6 46. Nh7+ Ke5 47. Nf8 {[%cal Rf8d7]} Ng2+ 48. Kf3 {aiming for Nd7+.} Nh4+ 49. Ke3 {[%cal Rf8d7]} Ng2+ 50. Kf3 Nh4+ 51. Kg4 g5 {[%mdl 64] [#] Decoy} 52. Kxg5 Nf3+ 53. Kg6 Kxe4 {Strongly threatening ...Ne5+.} 54. Kf6 Nd4 55. Nd7 Kd3 56. Nxb6 Kc3 57. Ke7 Kb4 58. Kxd6 Kxa3 59. c5 Kb4 60. c6 Kb5 61. Nd7 Nf5+ 62. Ke6 (62. Kc7 $5 {[%cal Rd7b8]}) 62... Nd4+ 63. Kd6 Nf5+ 64. Kc7 {next Nb8 is good for White.} Ne7 65. Nb8 Nxd5+ 66. Kd7 Nf6+ 67. Ke6 Bc8+ 68. Kxf6 Kb6 69. Ke7 Kc7 {Accuracy: White = 39%, Black = 54%.} 1/2-1/2

[Event "RUS-ch Men Blitz 2019"]
[Site "Sochi"]
[Date "2019.10.20"]
[Round "5.23"]
[White "Pingin, Artem"]
[Black "Ivlev, Aleksey"]
[Result "0-1"]
[WhiteElo "1968"]
[BlackElo "2292"]
[Annotator "NA"]
[PlyCount "154"]
[EventDate "2019.10.17"]
[EventType "swiss"]
[EventCountry "RUS"]
[SourceTitle "playchess.com"]
[Source "ChessBase"]
[SourceQuality "1"]
[TimeControl "180+2"]

1. e4 {[%emt 0:00:00]} c6 {[%emt 0:00:00]} 2. Nc3 {[%emt 0:00:01]} g6 {[%emt 0:00:00]} 3. d4 {[%emt 0:00:01]} Bg7 {[%emt 0:00:00]} 4. Be3 {[%emt 0:00:01]} d5 {[%emt 0:00:01]} 5. e5 {[%emt 0:00:06]} Nh6 {[%emt 0:00:01]} 6. f4 {[%emt 0:00:05]} O-O {[%emt 0:00:12]} 7. Nf3 {[%emt 0:00:01]} f6 {[%emt 0:00:01]} 8. Bd3 {[%emt 0:00:06]} Qb6 {[%emt 0:00:07]} 9. a3 {[%emt 0:00:30]} Nf7 {[%emt 0:00:06]} 10. Bf2 {[%emt 0:00:31]} Bg4 {[%emt 0:00:02]} 11. O-O {[%emt 0:00:08]} Qc7 {[%emt 0:00:23]} 12. Be2 {[%emt 0:00:16]} Na6 {[%emt 0:00:12]} 13. b4 {[%emt 0:00:09]} Rad8 {[%emt 0:00:02]} 14. h3 {[%emt 0:00:03]} Bc8 {[%emt 0:00:09]} 15. Qd2 {[%emt 0:00:22]} Qb8 {[%emt 0:00:03]} 16. Bxa6 {[%emt 0:00:07]} bxa6 {[%emt 0:00:01]} 17. Na4 {[%emt 0:00:00]} fxe5 {[%emt 0:00:29]} 18. fxe5 {[%emt 0:00:03]} Nh6 {[%emt 0:00:01]} 19. Nc5 {[%emt 0:00:05]} Bxh3 {[%emt 0:00:18]} 20. Ng5 {[%emt 0:00:05]} Bf5 {[%emt 0:00:02]} 21. Nge6 {[%emt 0:00:05]} Qc8 {[%emt 0:00:06]} 22. Nxd8 {[%emt 0:00:11]} Rxd8 {[%emt 0:00:02]} 23. Bh4 {[%emt 0:00:08]} Re8 {[%emt 0:00:04]} 24. Rae1 {[%emt 0:00:14]} e6 {[%emt 0:00:19]} 25. Bf6 {[%emt 0:00:05]} Bf8 {[%emt 0:00:09]} 26. c3 {[%emt 0:00:13]} Ng4 {[%emt 0:00:02]} 27. Bg5 {[%emt 0:00:04]} Bg7 {[%emt 0:00:25]} 28. Qe2 {[%emt 0:00:10]} a5 {[%emt 0:00:10]} 29. bxa5 {[%emt 0:00:02]} Qc7 {[%emt 0:00:01]} 30. a6 {[%emt 0:00:01]} Qa5 {[%emt 0:00:04]} 31. Qb2 {[%emt 0:00:00]} Nxe5 {[%emt 0:00:06]} 32. Qb4 {[%emt 0:00:02]} Qxb4 {[%emt 0:00:06]} 33. axb4 {[%emt 0:00:01]} Nf7 {[%emt 0:00:04]} 34. Bf4 {[%emt 0:00:01]} g5 {[%emt 0:00:03]} 35. Be5 {[%emt 0:00:02]} Nxe5 {[%emt 0:00:02]} 36. dxe5 {[%emt 0:00:00]} g4 {[%emt 0:00:01]} 37. Nb7 {[%emt 0:00:02]} Bf8 {[%emt 0:00:02]} 38. Nd6 {[%emt 0:00:02]} Bxd6 {[%emt 0:00:03]} 39. exd6 {[%emt 0:00:01]} Rd8 {[%emt 0:00:00]} 40. c4 {[%emt 0:00:05]} Rxd6 {[%emt 0:00:04]} 41. cxd5 {[%emt 0:00:01]} cxd5 {[%emt 0:00:01]} 42. b5 {[%emt 0:00:06]} d4 {[%emt 0:00:01]} 43. Rxf5 {[%emt 0:00:06]} exf5 {[%emt 0:00:02]} 44. Kf2 {[%emt 0:00:01]} d3 {[%emt 0:00:05]} 45. Rd1 {[%emt 0:00:01]} Kf7 {[%emt 0:00:05]} 46. Ke3 {[%emt 0:00:01]} Ke6 {[%emt 0:00:01]} 47. Rxd3 {[%emt 0:00:03]} Rb6 {[%emt 0:00:01]} 48. Rb3 {[%emt 0:00:02]} Ke5 {[%emt 0:00:01]} 49. Kf2 {[%emt 0:00:01]} f4 {[%emt 0:00:01]} 50. Rb4 {[%emt 0:00:02]} h5 {[%emt 0:00:01]} 51. Rb1 {[%emt 0:00:03]} Kd5 {[%emt 0:00:09]} 52. Rd1+ {[%emt 0:00:03]} Kc5 {[%emt 0:00:01]} 53. Rd7 {[%emt 0:00:01]} Kxb5 {[%emt 0:00:02]} 54. Rxa7 {[%emt 0:00:00]} Rxa6 {[%emt 0:00:02]} 55. Rh7 {[%emt 0:00:02]} Ra2+ {[%emt 0:00:03]} 56. Kf1 {[%emt 0:00:01]} Kc4 {[%emt 0:00:05]} 57. Rxh5 {[%emt 0:00:01]} Kd4 {[%emt 0:00:01]} 58. Rg5 {[%emt 0:00:02]} g3 {[%emt 0:00:01]} 59. Rg8 {[%emt 0:00:02]} Ra5 {[%emt 0:00:05]} 60. Re8 {[%emt 0:00:02]} Re5 {[%emt 0:00:01]} 61. Rd8+ {[%emt 0:00:01]} Ke4 {[%emt 0:00:01]} 62. Ra8 {[%emt 0:00:02]} Kf5 {[%emt 0:00:01]} 63. Rf8+ {[%emt 0:00:01]} Ke4 64. Ra8 Re6 {[%emt 0:00:06]} 65. Ra7 {[%emt 0:00:02]} Kf5 {[%emt 0:00:03]} 66. Ra5+ {[%emt 0:00:01]} Kg4 {[%emt 0:00:01]} 67. Ra4 {[%emt 0:00:01]} Rb6 {[%emt 0:00:01]} 68. Rc4 {[%emt 0:00:02]} Rb1+ {[%emt 0:00:01]} 69. Ke2 {[%emt 0:00:02]} Rg1 {[%emt 0:00:01]} 70. Rc8 {[%emt 0:00:02]} Rxg2+ {[%emt 0:00:02]} 71. Kd3 {[%emt 0:00:01]} Ra2 {[%emt 0:00:01]} 72. Rg8+ {[%emt 0:00:01]} Kf3 {[%emt 0:00:01]} 73. Rg7 {[%emt 0:00:01]} g2 {[%emt 0:00:01]} 74. Rg8 {[%emt 0:00:02]} Kf2 {[%emt 0:00:01]} 75. Ke4 {[%emt 0:00:01]} f3 {[%emt 0:00:02]} 76. Rf8 {[%emt 0:00:02]} Ra4+ {[%emt 0:00:01]} 77. Kd3 {[%emt 0:00:01]} g1=Q {[%emt 0:00:01] Kd4} 0-1

[Event "RUS-ch Men Blitz 2019"]
[Site "Sochi"]
[Date "2019.10.17"]
[Round "5.24"]
[White "Sadovsky, Artem"]
[Black "Gogolev, Artem"]
[Result "1-0"]
[WhiteElo "2411"]
[BlackElo "2339"]
[Annotator "NA"]
[PlyCount "76"]
[EventDate "2019.10.17"]
[EventType "swiss"]
[EventCountry "RUS"]
[SourceTitle "playchess.com"]
[Source "ChessBase"]
[SourceQuality "1"]
[TimeControl "180+2"]

1. c4 {[%emt 0:00:00]} Nf6 {[%emt 0:00:20]} 2. g3 {[%emt 0:00:00]} c5 {[%emt 0:00:03]} 3. Bg2 {[%emt 0:00:01]} e6 {[%emt 0:00:01]} 4. b3 {[%emt 0:00:03]} Be7 {[%emt 0:00:03]} 5. Bb2 {[%emt 0:00:01]} O-O {[%emt 0:00:02]} 6. Nf3 {[%emt 0:00:02]} d5 {[%emt 0:00:01]} 7. cxd5 {[%emt 0:00:01]} Nxd5 {[%emt 0:00:01]} 8. Nc3 {[%emt 0:00:02]} Bf6 9. Qc1 Nc6 {[%emt 0:00:27]} 10. O-O {[%emt 0:00:03]} Nxc3 {[%emt 0:00:03]} 11. Bxc3 {[%emt 0:00:02]} Bxc3 {[%emt 0:00:11]} 12. Qxc3 {[%emt 0:00:01]} Nd4 {[%emt 0:00:17]} 13. Rfe1 {[%emt 0:00:20]} Nxf3+ {[%emt 0:00:04]} 14. Bxf3 {[%emt 0:00:01]} Rb8 {[%emt 0:00:28]} 15. Qxc5 {[%emt 0:00:02]} Qxd2 {[%emt 0:00:03]} 16. Qxa7 {[%emt 0:00:07]} Bd7 {[%emt 0:00:11]} 17. Bxb7 {[%emt 0:00:08]} e5 {[%emt 0:00:09]} 18. Rad1 {[%emt 0:00:25]} Qb4 {[%emt 0:00:04]} 19. Bd5 {[%emt 0:00:23]} Bh3 {[%emt 0:00:13]} 20. a3 {[%emt 0:00:02]} Qc3 {[%emt 0:00:04]} 21. a4 {[%emt 0:00:20]} e4 {[%emt 0:00:22]} 22. Qe3 {[%emt 0:00:06]} Qxe3 {[%emt 0:00:13]} 23. fxe3 {[%emt 0:00:01]} Be6 {[%emt 0:00:01]} 24. Bxe6 {[%emt 0:00:12]} fxe6 {[%emt 0:00:01]} 25. Rb1 {[%emt 0:00:03]} Rb4 {[%emt 0:00:02]} 26. Rb2 {[%emt 0:00:04]} Ra8 {[%emt 0:00:10]} 27. Ra1 {[%emt 0:00:02]} Ra5 {[%emt 0:00:03]} 28. Kf2 {[%emt 0:00:03]} Kf7 {[%emt 0:00:01]} 29. Ra3 {[%emt 0:00:04]} Ke7 {[%emt 0:00:04]} 30. Rc2 {[%emt 0:00:03]} Kd6 {[%emt 0:00:01]} 31. Rc3 {[%emt 0:00:08]} Rb7 {[%emt 0:00:05]} 32. Ra1 {[%emt 0:00:08]} Ke5 {[%emt 0:00:04]} 33. Rd1 {[%emt 0:00:04]} Ra8 {[%emt 0:00:04]} 34. Ra1 {[%emt 0:00:22]} Rf8+ {[%emt 0:00:04]} 35. Kg2 {[%emt 0:00:01]} Rbf7 {[%emt 0:00:04]} 36. Rc2 {[%emt 0:00:10]} Rb7 {[%emt 0:00:05]} 37. Rb2 {[%emt 0:00:05]} Rfb8 {[%emt 0:00:05]} 38. Ra3 {[%emt 0:00:02]} Ra8 {[%emt 0:00:02]} 1-0

[Event "RUS-ch Men Blitz 2019"]
[Site "Sochi"]
[Date "2019.10.17"]
[Round "5.25"]
[White "Sysolyatin, Evgeny"]
[Black "Derjabin, Ilja"]
[Result "1-0"]
[WhiteElo "2271"]
[BlackElo "2333"]
[Annotator "TA"]
[PlyCount "107"]
[EventDate "2019.10.17"]
[EventType "swiss"]
[EventCountry "RUS"]
[SourceTitle "playchess.com"]
[Source "ChessBase"]
[SourceQuality "1"]

{[%evp 13,107,-24,-26,-49,0,-35,24,24,19,22,55,-24,-20,-5,-9,-26,0,-28,0,-18,0,0,0,0,0,0,88,57,54,44,164,45,37,44,35,0,0,-21,472,6,33,-3,0,0,27,-17,2,-30,74,-37,75,72,291,269,368,214,270,147,243,166,570,0,255,61,83,102,100,68,214,198,599,599,573,565,510,18,492,0,73,0,478,0,70,0,480,408,29987,29988,29988,29989,29989,29980,29979,29980,29997,29998]} 1. e4 e6 2. d4 d5 3. Nc3 Nf6 4. Bg5 Be7 5. Bxf6 Bxf6 6. Nf3 O-O 7. Bd3 c5 8. dxc5 {C14: French: Classical System: 4 Bg5 Be7 main line} (8. e5 Be7 9. h4 Nc6 10. Bxh7+ Kh8 11. Bd3 f5 12. dxc5 Kg8 13. Qd2 Qc7 14. O-O-O Bxc5 15. h5 d4 16. Nb5 Qe7 17. h6 Nb4 18. hxg7 Qxg7 19. Rh3 Nxd3+ 20. Qxd3 f4 21. Rdh1 Rf5 22. Nc7 {1-0 (22) Velten,P (2504)-Sabatier,M (2060) Nancy 2019}) 8... d4 9. Ne2 $146 ({Predecessor:} 9. Nb5 a6 10. e5 Bxe5 11. Nxe5 axb5 12. Qf3 Nd7 13. Nxd7 Qxd7 14. Qe4 g6 15. O-O b4 {1-0 (47) Fedoseev,V (2216)-Yuzhakov,O (2297) Rybinsk 2008}) 9... Nc6 (9... Qa5+ $15 10. Qd2 Qxc5) 10. a3 $11 {White has an edge.} a5 11. O-O Qe7 12. e5 (12. b4 $1 $14) 12... Nxe5 13. Nxe5 Bxe5 14. b4 Rd8 15. Qd2 Bd7 16. Ng3 Bc6 17. Rae1 Bc7 18. f4 axb4 19. axb4 {[%cal Ba3b4,Bb4b5][%mdl 32]} b6 (19... Bd5 $11) 20. b5 Bd5 21. c6 Bd6 {[#]} (21... f6 $14) 22. Qf2 ({White has to play} 22. Nf5 $1 $18 {[%cal Rf5e7][%mdl 512]} Qc7 (22... exf5 23. Rxe7) 23. Nxd6 (23. Nxd4 Bc5 $11) 23... Qxd6 24. Qf2) 22... Bb4 $14 23. Re2 f6 24. Nh5 Qf7 25. Qh4 Rdc8 $2 {[%mdl 8192] [#]} (25... f5 $11) 26. Ng3 $2 (26. Bxh7+ $1 $18 {[%mdl 512]} Kf8 (26... Kxh7 27. Nxf6+) 27. f5) 26... h6 27. Qg4 f5 28. Qh4 Rc7 29. Qh3 Be7 30. Nh1 Bc5 {[#]} (30... Bd6 $11 {remains equal.}) 31. Nf2 (31. g4 $1 $16) 31... Ra2 (31... Bd6 $15 {stays ahead.}) 32. g4 $16 {[%cal Rg4f5]} fxg4 $2 (32... g6 $16 {might work better.}) 33. Nxg4 $18 Bd6 34. Ref2 (34. f5 $142 {Hoping for fxe6.} Ra3 35. fxe6) 34... Rca7 35. Ne5 (35. f5 $18 R2a3 36. fxe6 Qxe6 37. Qh4 Rxd3 38. cxd3) 35... Qf6 (35... Qe8 $16 {was necessary.} 36. Bg6 Qf8) 36. Nd7 Qe7 $2 (36... Rxd7 {is more resistant.} 37. cxd7 Ra8) 37. Ne5 $2 (37. Nxb6 $18 Ra8 38. Nxd5 exd5 39. b6) 37... Ra1 $2 {[%mdl 8192]} (37... Qf6 $1 $11 {and Black stays safe.}) 38. Ng6 $2 (38. Qh5 $18) 38... Rxf1+ 39. Rxf1 Qf6 40. Qg3 Rf7 (40... Kf7 $14) 41. Ne5 {Black must now prevent Ng4.} Bxe5 $2 (41... Ra7 {is tougher.}) 42. fxe5 Qe7 43. Rxf7 Qxf7 44. Qf2 $2 (44. Bg6 $18 Qc7 45. Qf4) 44... Qe7 $2 {[%mdl 8192]} (44... Qh5 $11 {and Black has nothing to worry.}) 45. Qg3 $2 (45. Qxd4 $18 Qg5+ 46. Kf1 Bg2+ 47. Ke2 Bxc6 48. bxc6 Qg2+ 49. Kd1 Qh1+ 50. Kd2 Qxc6 51. Qd6) 45... Qb4 (45... Qf7 $1 $11) 46. Qf2 $2 {[%mdl 8192]} (46. c7 $16 Qc5 47. Qh4 (47. Qg6 Kf8 $14) 47... Qxc7 48. Qxd4) 46... Qe7 47. Qg3 $2 ({White must play} 47. Qxd4 $18 {c4 is the strong threat.} Qg5+ 48. Kf1 Bg2+ 49. Ke2 Bxc6 50. bxc6 Qg2+ 51. Kd1 Qxc6 52. Qd6) 47... Qb4 (47... Qf7 $11) 48. Qf2 (48. c7 $14 Qc5 49. Qh4 (49. Qg6 Kf8 $14) 49... Qxc7 50. Qxd4) 48... Qb1+ $2 {[%mdl 8192]} (48... Qe7 $11) 49. Qf1 Qb2 (49... Qb4 $18 50. Bg6 Qe7) 50. Bg6 {White mates.} Bf3 51. Qxf3 Qc1+ 52. Kg2 Qg5+ 53. Qg3 Qxe5 54. Qxe5 {Accuracy: White = 22%, Black = 16%.} 1-0

[Event "RUS-ch Men Blitz 2019"]
[Site "Sochi"]
[Date "2019.10.20"]
[Round "5.25"]
[White "Shemyakin, Valeriy"]
[Black "Smirnov, Timofey"]
[Result "0-1"]
[WhiteElo "2192"]
[BlackElo "2431"]
[Annotator "NA"]
[PlyCount "104"]
[EventDate "2019.10.17"]
[EventType "swiss"]
[EventCountry "RUS"]
[SourceTitle "playchess.com"]
[Source "ChessBase"]
[SourceQuality "1"]
[TimeControl "180+2"]

1. d4 {[%emt 0:00:04]} d5 {[%emt 0:00:00]} 2. c4 {[%emt 0:00:01]} c6 {[%emt 0:00:00]} 3. Nf3 {[%emt 0:00:01]} Nf6 {[%emt 0:00:00]} 4. Qb3 {[%emt 0:00:00]} dxc4 {[%emt 0:00:01]} 5. Qxc4 {[%emt 0:00:01]} Bf5 {[%emt 0:00:00]} 6. g3 {[%emt 0:00:01]} e6 {[%emt 0:00:01]} 7. Bg2 {[%emt 0:00:01]} Nbd7 {[%emt 0:00:01]} 8. O-O {[%emt 0:00:02]} Be7 {[%emt 0:00:00]} 9. Nc3 {[%emt 0:00:02]} O-O {[%emt 0:00:03]} 10. Re1 {[%emt 0:00:01]} Ne4 {[%emt 0:00:11]} 11. Qb3 {[%emt 0:00:01]} Qb6 {[%emt 0:00:06]} 12. Nh4 {[%emt 0:00:00]} Nd6 {[%emt 0:00:08]} 13. Nxf5 {[%emt 0:00:27]} Nxf5 {[%emt 0:00:01]} 14. Rd1 {[%emt 0:00:20]} Rfd8 {[%emt 0:00:09]} 15. e4 {[%emt 0:00:07]} Nxd4 {[%emt 0:00:02]} 16. Qxb6 {[%emt 0:00:02]} Nxb6 {[%emt 0:00:00]} 17. Be3 {[%emt 0:00:32]} Nc2 {[%emt 0:00:04]} 18. Rxd8+ {[%emt 0:00:02]} Rxd8 {[%emt 0:00:04]} 19. Bxb6 {[%emt 0:00:06]} axb6 {[%emt 0:00:01]} 20. Rc1 {[%emt 0:00:00]} Nb4 {[%emt 0:00:05]} 21. Bf1 {[%emt 0:00:15]} Nd3 {[%emt 0:00:05]} 22. Rc2 {[%emt 0:00:15]} b5 {[%emt 0:00:25]} 23. Rd2 {[%emt 0:00:12]} Nc5 {[%emt 0:00:01]} 24. Rxd8+ {[%emt 0:00:02]} Bxd8 {[%emt 0:00:01]} 25. a3 {[%emt 0:00:06]} Bf6 {[%emt 0:00:05]} 26. f3 {[%emt 0:00:29]} Bd4+ {[%emt 0:00:02]} 27. Kg2 {[%emt 0:00:02]} Na4 {[%emt 0:00:22]} 28. Nxa4 {[%emt 0:00:30]} bxa4 {[%emt 0:00:00]} 29. b3 {[%emt 0:00:02]} axb3 {[%emt 0:00:04]} 30. Bd3 {[%emt 0:00:01]} b5 {[%emt 0:00:01]} 31. Kf1 {[%emt 0:00:10]} Bc5 {[%emt 0:00:15]} 32. Ke2 {[%emt 0:00:03]} Bxa3 {[%emt 0:00:01]} 33. Kd2 {[%emt 0:00:02]} Bb4+ {[%emt 0:00:01]} 34. Kc1 {[%emt 0:00:01]} Bc3 {[%emt 0:00:07]} 35. f4 {[%emt 0:00:03]} Kf8 {[%emt 0:00:16]} 36. e5 {[%emt 0:00:01]} g6 {[%emt 0:00:10]} 37. Be4 {[%emt 0:00:00]} c5 {[%emt 0:00:08]} 38. Bc6 {[%emt 0:00:01]} b4 {[%emt 0:00:13]} 39. Ba4 {[%emt 0:00:00]} b2+ {[%emt 0:00:06]} 40. Kc2 {[%emt 0:00:05]} Bd4 {[%emt 0:00:07]} 41. Bb5 {[%emt 0:00:06]} Bg1 {[%emt 0:00:25]} 42. h3 {[%emt 0:00:02]} Bh2 {[%emt 0:00:01]} 43. Kxb2 {[%emt 0:00:03]} Bxg3 {[%emt 0:00:01]} 44. Kb3 {[%emt 0:00:01]} Bxf4 {[%emt 0:00:01]} 45. Kc4 {[%emt 0:00:01]} Be3 {[%emt 0:00:03]} 46. Bc6 {[%emt 0:00:02]} Bd4 {[%emt 0:00:05]} 47. Bb5 {[%emt 0:00:02]} h5 {[%emt 0:00:03]} 48. Ba4 {[%emt 0:00:02]} Kg7 {[%emt 0:00:08]} 49. Be8 {[%emt 0:00:02]} Bxe5 {[%emt 0:00:04]} 50. Kxc5 {[%emt 0:00:02]} b3 {[%emt 0:00:01]} 51. Ba4 {[%emt 0:00:01]} b2 {[%emt 0:00:01]} 52. Bc2 {[%emt 0:00:01]} f5 {[%emt 0:00:01] Kd4} 0-1

[Event "RUS-ch Men Blitz 2019"]
[Site "Sochi"]
[Date "2019.10.17"]
[Round "5.26"]
[White "Ulybin, Mikhail"]
[Black "Klimentov, Evgeny"]
[Result "1/2-1/2"]
[WhiteElo "2455"]
[BlackElo "2199"]
[Annotator "TA"]
[PlyCount "91"]
[EventDate "2019.10.17"]
[EventType "swiss"]
[EventCountry "RUS"]
[SourceTitle "playchess.com"]
[Source "ChessBase"]
[SourceQuality "1"]

{[%evp 13,91,25,10,2,7,0,0,10,8,0,2,-10,-10,-2,-2,-6,2,-47,-3,-11,-10,-8,-10,-19,-18,-29,-23,-22,-16,-29,-29,-29,-31,-34,-33,-21,-30,-33,-6,-6,-6,-5,0,0,0,0,0,0,0,0,0,0,183,182,182,191,188,187,180,178,178,0,71,63,66,67,67,66,66,65,165,108,584,584,2660,2204,29979,29980,29978,29979]} 1. e4 c6 2. d4 d5 3. exd5 cxd5 4. Bd3 Nc6 5. c3 Nf6 6. h3 Qc7 7. Nf3 g6 8. O-O {B13: Caro-Kann: Exchange Variation and Panov-Botvinnik Attack} Bf5 9. Re1 Bxd3 10. Qxd3 {The position is equal.} Bg7 11. Bg5 Ne4 (11... O-O 12. Nbd2 e6 13. Bxf6 Bxf6 14. Nb3 Bg7 15. Re2 Rab8 16. a3 b6 17. Rae1 Na5 18. Nc1 Nc4 19. Qc2 Qf4 20. Nd3 Qf5 21. Qd1 Rfc8 {½-½ (21) Anand,V (2764)-Nepomniachtchi,I (2775) Paris 2019}) 12. Nbd2 Nxg5 13. Nxg5 O-O 14. Ngf3 Rab8 $146 ({Predecessor:} 14... e6 15. Nb3 b6 {½-½ (69) Boyarchenko,V-Dambrauskaite,J (2312) ICCF email 2008}) 15. b4 e5 16. dxe5 Nxe5 17. Nxe5 Bxe5 18. Rac1 ({Wrong is} 18. Qxd5 $2 Bh2+ 19. Kh1 Rbd8 $19) 18... Rfd8 19. Nf3 Bf6 20. c4 dxc4 21. Qxc4 Qxc4 22. Rxc4 Rbc8 23. Rec1 {[#]} Rd1+ $1 {[%mdl 512]} 24. Rxd1 Rxc4 $15 {[%mdl 4096] Endgame KRB-KRN} 25. a3 Rc3 26. Rd7 Rxa3 {next ...Ra1+ is good for Black.} 27. Rxb7 Rb3 28. b5 Rb2 29. Kf1 Kg7 30. g4 Bd8 31. Ne5 Kf6 32. f4 Bb6 $2 (32... Be7 $11 {and Black has nothing to worry.}) 33. Rxf7+ $18 Ke6 34. Rxh7 Rf2+ 35. Ke1 Rxf4 36. Nxg6 Rb4 {[#]} 37. g5 $2 (37. Rh5 $1 $18) 37... Rxb5 (37... Kf5 $11 {keeps the balance.} 38. Ne7+ Kxg5) 38. h4 {And now Nf8+ would win.} a5 39. Nf8+ Kf5 40. g6 {Threatens to win with Rh5+.} Rb1+ $1 41. Kd2 {Black must now prevent Rf7+.} Rg1 (41... Bd4 $1 $14) 42. Rf7+ (42. h5 $18 {h6 is the strong threat.} Bc5 43. Rd7 Bxf8 44. Rf7+ {[%mdl 64] Double Attack} Kg5 45. Rxf8) 42... Ke5 $2 {[%mdl 8192]} (42... Ke4 $16 {is tougher.}) 43. g7 a4 {[#]} 44. h5 $1 Kd6 45. Ng6 Rg2+ 46. Kd3 {[%mdl 32768] Accuracy: White = 56%, Black = 40%. . An unexpected result.} 1/2-1/2